00517nam a2200169 a 4500020001800000082001500018100001800033245005600051260002900107300000900136500003500145650001600180700001800196942000700214952010900221999001700330 a978938016262100a305.4bMIT aMittal, Mukta aDalit Women in India (survival and Current dilemma) aDelhi bArise Pub c2010 a264p aincludes index and biblioraphy aWomen-Dalit1 aMittal, Mukta cBK 00104070aHMIbHMId2010-01-08g800.00l2o305.46 MITp023006r2020-03-06s2020-02-04w2026-01-16yBK c14929d14929